| 000 | 00000nam 2200000za 4500 |
| 001 | 9.633744 |
| 003 | CaOODSP |
| 005 | 20210624215455 |
| 007 | cr ||||||||||| |
| 008 | 150407s2003 onc o f000 0 fre d |
| 040 | |aCaOODSP|bfre |
| 043 | |an-cn--- |
| 086 | 1 |aH46-2/03-326F-PDF |
| 245 | 00|aLignes directrices canadiennes sur les interventions en situation d'urgence nucléaire |h[ressource électronique]. |
| 260 | |aOttawa : |bSanté Canada, |c2003. |
| 300 | |a31 p. |
| 500 | |aCe document est obsolète et a été remplacé par le document de Santé Canada : Critères génériques et niveaux opérationnels d'intervention pour la planification et les interventions en cas d'urgence nucléaire (SC 2018). Veuillez voir H129-86/2018F-PDF. |
| 500 | |aLe n° de catalogue (H46-2/03-326F) et ISBN (0-662-89969-5) pour l'édition imprimée française ont été incorrectement copiés dans cette édition PDF. |
| 590 | |a07-02-Supp|b2007-04-05 |
| 691 | 07|aInstallations nucléaires|2gcpds |
| 691 | 07|aProtection civile|2gcpds |
| 710 | 1 |aCanada. |bSanté Canada.|bDirection générale de la santé environnementale et de la sécurité des consommateurs. |
| 775 | 08|tCanadian guidelines for intervention during a nuclear emergency |w(CaOODSP)9.689331 |
| 856 | 40|ahttp://publications.gc.ca|qPDF|s198 Ko|uhttps://publications.gc.ca/collections/Collection/H46-2-03-326F.pdf |